A musica sacra ünnepe Komárom

Bibliographic Details
Main Authors: Stubendek, László, 1953- (Author), Kosár, Dezső (Author)
Format: Article
Language:Hungarian
PhysicalDescription:Obr. 1
Subjects:

MARC

LEADER 00000nab a2200000 a 4500
001 vtls000535567
003 SK-MaSNL
005 20260318124824.0
008 160202c1994 xo 0 hun
015 |a SNBRB19rr/mm-uuuuu 
035 |a CL0535705 
040 |a SNKBUCL  |b slo  |c SNKBUCL  |e AACR2 
041 0 |a hun 
044 |a xo  |c SK 
080 |a 78.091.4:783  |2 1981 
080 |a 783  |2 1981 
100 1 |a Stubendek, László,  |d 1953-  |4 aut  |9 976307 
245 1 0 |a A musica sacra ünnepe  |b Komárom  |c László Stubendek, Dezső Kosár 
300 |b Obr. 1 
650 0 7 |a cirkevná hudba  |2 snkbucl  |9 1748 
650 0 7 |a Harmonia Sacra Danubium 1994, Komárno  |2 snkbucl  |9 1294360 
651 7 |a 5204  |2 snkbucl  |9 376683 
655 7 |a články z novín a časopisov  |2 snkbucl  |9 267496 
700 1 |a Kosár, Dezső  |4 aut  |9 969132 
773 0 |t Új szó  |g Roč. 47, č. 282 (6. 12. 1994), s. 6 
850 |a Slovenská národná knižnica v Martine  |a DSG001 
852 |a SNK  |b KIS3GCP 
958 |a RK 
958 |a HU 
992 |a RBX 
999 |c 2575672  |d 2577602